000
00190 a2200097 4500
001
44141
100
_a
Pike, D
245
_a
Viet cong
260
_a
_b
M I T press
_c
090
_c
27883
_d
27883
942
_a
NUST-CAE
_c
M
_c
19872
999
_c
279214
_d
279214